000 00902nas a2200301 4500
001 BR0203733
003 BR-BrBNA
005 20231205103128.0
007 ta
008 230509b bl.|||p| |||| 00| 00por d
040 _aBR-BrBNA
_bpor
_cBiblioteca Nacional de Agricultura
041 _a(En)
072 _aL53; L10
100 1 _aGuimarães, M.A.B.V.
100 1 _aOliveira, C.A.
100 1 _aBarnabe, A.H.
100 1 _aBarnabe, R.C.
245 1 _aMorphometry of spermatozoa from capuchin mnkey (Cebus apella)
650 _aMACACO PREGO
650 _aESPERMATOZÓIDE
650 _aFILOGENIA
650 _aREPRODUÇÃO ANIMAL
650 _aMICROSCOPIA
650 _aMORFOLOGIA ANIMAL
773 0 _tRevista Brasileira de Reprodução Animal (Brazil)
_xISSN 0102-0803
_g(Apr-Jun 2002), v. 26(2) p. 88-90
_wBR0203733
909 _a202311
_bLúcia
_c55
_dLúcia Elande
942 _2AGRIS
_n0
_cANA
999 _c171235
_d171235